<The> European monetary institute
Saved in:
| Format: | Book |
|---|---|
| Language: | English |
| Published: |
Frankfurt am Main
European Monetary Institute
1997
|
| Subjects: | |
| Tags: |
No Tags, Be the first to tag this record!
|
MARC
| LEADER | 00000nam a2200000 4500 | ||
|---|---|---|---|
| 001 | c108369 | ||
| 005 | 20221124074604.9 | ||
| 020 | |a 92-9166-017-5 | ||
| 041 | 0 | |a eng | |
| 044 | |a DE | ||
| 245 | 1 | 0 | |a <The> European monetary institute |
| 264 | 1 | |a Frankfurt am Main |b European Monetary Institute |c 1997 | |
| 300 | |a 56 s. | ||
| 610 | 2 | 0 | |a peniaze |
| 610 | 2 | 0 | |a mena |
| 610 | 2 | 0 | |a inštitúcia |
| 610 | 2 | 0 | |a politika finančná |
| 610 | 2 | 0 | |a politika peňažná |
| 610 | 2 | 0 | |a politika menová |
| 610 | 2 | 0 | |a vzťahy devízovo-finančné |
| 610 | 2 | 0 | |a politika medzinárodná |
| 610 | 2 | 0 | |a vzťahy hospodárske medzinárodné |
| 610 | 2 | 0 | |a integrácia ekonomická medzinárodná |
| 610 | 2 | 0 | |a euro |
| 610 | 2 | 0 | |a banky centrálne |
| 610 | 2 | 0 | |a kooperácia |
| 610 | 2 | 0 | |a Európska únia |
| 610 | 2 | 0 | |a Európa |
| 610 | 2 | 0 | |a EMI |
| 610 | 2 | 0 | |a 1997 |